000 00529cam a2200169 a 4500
001 000001127
005 20200929145501.0
008 731003s1966 onca b 001 0 eng
020 _z802014135
040 _aDO-SdBNP
_bspa
_cBNPHU
082 _a759.011
_bH293p
100 1 _aHarper, J. Russell.
_93861
245 1 0 _aPainting in Canada :
_ba history /
_cJ. Russell Harper.
260 _aToronto :
_bUniversity of Toronto Press,
_c1966.
300 _aviii, 443 p. :
_bil. ;
_c29 cm.
650 4 _aArte canadiense
_xPintura
_xHistoria
_93862
999 _c1083
_d1083